banner-ar

IRAN AFTER THE REVOLUTION: CRISIS OF AN ISLAMIC STATE / (Record no. 13351)

MARC details
000 -الفاتح
حقل البيانات ثابتة الطول 00617nam a2200217Ia 4500
008 - عناصر البيانات ثابتة الطول - معلومات عامة
حقل البيانات ثابتة الطول 140319s9999 xx 000 0 eng d
040 ## - مصدر الفهرسة
وكالة الفهرسة الأصلية GCL /
وكالة النسخ GCL
082 04 - رقم تصنيف ديوى العشرى
رقم التصنيف 955.054
رقم المادة R I
100 1# - المدخل الرئيسى - إسم شخصى
الإسم الشخصى RABNEMA, SAEED
245 10 - بيان العنوان
العنوان IRAN AFTER THE REVOLUTION: CRISIS OF AN ISLAMIC STATE /
بيان المسئوليه,etc RABNEMA, SAEED
700 1# - المدخل الاضافى - اسم شخصى
الإسم الشخصى BEBDAD, SABRAB
260 ## - PUBLICATION, DISTRIBUTION, ETC. (IMPRINT)
تاريخ النشر أو التوزيع 1995
300 ## - الوصف المادى
التعداد 292 P
650 04 - المدخل الاضافى بالموضوع-مصطلح موضوعى
مصطلح موضوعي نجد
650 04 - المدخل الاضافى بالموضوع-مصطلح موضوعى
مصطلح موضوعي MODERN HISTORY
650 04 - المدخل الاضافى بالموضوع-مصطلح موضوعى
مصطلح موضوعي IRAN - HISTORY 1979
650 04 - المدخل الاضافى بالموضوع-مصطلح موضوعى
مصطلح موضوعي IRAN - HISTORY - REVOLUTION,1979
650 04 - المدخل الاضافى بالموضوع-مصطلح موضوعى
مصطلح موضوعي IRAN - ECONOMIC CONDITIONS
942 ## - عناصر المدخل الإضافي( كوها)
مصدر التصنيف او مخطط الترفيف Dewey Decimal Classification
Koha [default] item type كتاب
260 ## - PUBLICATION, DISTRIBUTION, ETC. (IMPRINT)
-- [S.N] :
-- I.B. TAURIS & CO LTD ،
Holdings
حالة التراجع حالة الفقد حالة تلف ليس للاعارة المكان المؤقت الموقع الحالى تاريخ الاكتساب اجمالي اﻻعارات رقم الطلب الباركود تاريخ اخر مشاهدة تاريخ تفعيل السعر نوع وعاء كوها
        مكتبة القاهرة الكبرى مكتبة القاهرة الكبرى 03/26/2014   955.054\R I 25596 03/26/2014 03/26/2014 كتاب

Powered By

EGPV